Statistics for Original Formula One Teams

Click here to take the quiz!

General Stats

  • This quiz has been taken 16 times
  • The average score is 7 of 10

Answer Stats

Current teamOriginal team% Correct
FerrariFerrari
93%
Kick SauberSauber
93%
McLarenMcLaren
86%
WilliamsWilliams
86%
HaasHaas
79%
RBMinardi
71%
Aston MartinJordan
64%
Red BullStewart
64%
MercedesTyrrell
57%
AlpineToleman
43%

Score Distribution

Percentile by Number Answered

Percent of People with Each Score

Your Score History

You have not taken this quiz